Beaver. (Record no. 111016)
[ view plain ]
| 000 -LEADER | |
|---|---|
| fixed length control field | 00262nam a2200121 a 4500 |
| 001 - CONTROL NUMBER | |
| control field | 4144 |
| 005 - DATE AND TIME OF LATEST TRANSACTION | |
| control field | 20140414131907.0 |
| 008 - FIXED-LENGTH DATA ELEMENTS--GENERAL INFORMATION | |
| fixed length control field | 090317s19uu xx 00 eng d |
| 050 ## - LIBRARY OF CONGRESS CALL NUMBER | |
| Classification number | ER |
| Item number | B38 1981 |
| 100 ## - MAIN ENTRY--PERSONAL NAME | |
| Personal name | Bricknell, Jim |
| 245 ## - TITLE STATEMENT | |
| Title | Beaver. |
| Withdrawn status | Lost status | Damaged status | Home library | Current library | Shelving location | Date acquired | Total Checkouts | Full call number | Barcode | Date last seen | Price effective from | Koha item type |
|---|---|---|---|---|---|---|---|---|---|---|---|---|
| Munich Library | Munich Library | Easy Reading Section | 03/17/2009 | ER B38 1981 | M1565 | 04/14/2014 | 04/14/2014 | Books |